| 000 | 00890cam a2200253 4500 | ||
|---|---|---|---|
| 008 | 010921n2002 000 0 eng u | ||
| 020 | _a0748409459 | ||
| 035 | _a(Sirsi) u114734 | ||
| 100 | _aEgels, Y. | ||
| 245 | _aDigital photogrammetry | ||
| 260 |
_aLondon _bTaylor and Francis _c2002 |
||
| 300 | _axv, 351p. ; 24cm. | ||
| 350 | _a29.99 | ||
| 520 | _aThis book shows non-experts what digital photogrammetry is and what the software does. It also aims to give specialists an overview of these totally digital processes from A to Z. It is intended to serves as a textbook for graduate students, young engineers and University lecturers. | ||
| 650 | _aPHOTOGRAMMETRY | ||
| 650 | _aMAPPING | ||
| 650 | _aDIGITAL PHOTOGRAMMETRY | ||
| 650 | _aGIS | ||
| 650 | _aGIS | ||
| 650 | _aLAND SURVEYING | ||
| 690 | _aGEOMATICS-PHOTOGRAMMETRY | ||
| 700 | _aKasser, M. | ||
| 942 | _n0 | ||
| 999 |
_c101651 _d101651 |
||